| 000 | 01457cam a2200313 4500 | ||
|---|---|---|---|
| 001 | ABS65547 | ||
| 008 | 020529n2002 000 0 eng u | ||
| 035 | _a(Sirsi) u118222 | ||
| 100 | _aEvans, D | ||
| 245 | _aTen practical planning points | ||
| 260 | _c2002 | ||
| 490 |
_aWastes Management _v May 2002, 46-47(2) |
||
| 520 | _aDiscusses ten practical issues which may be relevant to how planning applications are taken forward. Issues covered are the Environment Agency and groundwater protection; negligence and planning authorities; estoppel of planning authorities; alteration of planning applications; environmental impact assessment; master plans and the extent of development; technology cost and environmental law; Grampian conditions; continuance of use - burden of proof; call-ins and judicial review and, finally, re-opening public enquiries. All issues, except the first have been addressed by the courts. No case references. | ||
| 590 | _aABS | ||
| 650 | _aWASTE MANAGEMENT | ||
| 650 | _aLANDFILLS | ||
| 650 | _aGROUNDWATER PROTECTION | ||
| 650 | _aNEGLIGENCE | ||
| 650 | _aPLANNING AUTHORITIES | ||
| 650 | _aESTOPPEL | ||
| 650 | _aPLANNING APPLICATIONS | ||
| 650 | _aENVIRONMENTAL IMPACT ASSESSMENTS | ||
| 650 | _aENVIRONMENTAL LAW | ||
| 650 | _aGRAMPIAN CONDITIONS | ||
| 650 | _aJUDICIAL REVIEW | ||
| 650 | _aPUBLIC ENQUIRIES | ||
| 690 | _aENVIRONMENTAL AND LAND CONSULTANCY-PLANNING AND DEVELOPMENT | ||
| 942 | _n0 | ||
| 999 |
_c70393 _d70393 |
||